000 00678nam#a22002535a#4500
001 2000
008 120702s2010####ag#####e######000#fdspa#d
245 1 3 _aEl general en su laberinto /
_cGabriel García Márquez.
250 _a8ª ed.
260 _aBuenos Aires :
_bDebolsillo,
_c2010.
300 _a286 p. ;
_c19 cm.
490 0 _aContemporánea
500 _aPremio Nobel de Literatura
020 _a9871138105
100 1 _aGarcía Márquez, Gabriel.
080 _a860(861)-31
084 _aG25 M26
653 _aLiteratura colombiana
653 _aNarrativa colombiana
040 _aAR-ClEAG
_cAR-ClEAG
005 20241107184729.0
003 AR-ClEAG
942 _cBK
999 _c2000
_d2000
980 _62
_aEvangelina Gallicchio
_82
_gEvangelina Gallicchio